Sanat - "No onkos tullut kesä" - Statistics

Yleistilastot
  • Tätä visaa on pelattu 24 kertaa
  • Keskiarvotulos 35 / 51
Vastaustilastot
Vastaus % Oikein
kesä
100%
keskelle
100%
laitetaankos
100%
No
100%
nyt
100%
nyt
100%
on
100%
on
100%
on
100%
onkos
100%
pesä
100%
pikkulinnuille
100%
talven
100%
talven
100%
tullut
100%
ja
90%
Ja
90%
ja
90%
Ja
90%
myös
90%
Jo
76%
nuortuu
62%
suortuu
62%
vanhakin
62%
koukkuselkä
57%
oi
57%
hellä
52%
joulu
52%
käynyt
52%
lämmin
52%
näin
52%
öitä
52%
pimeitä
52%
ehkä
48%
jokaisen
48%
jospa
48%
kukkimaan
48%
kuusi
48%
mieli
48%
ainainen
43%
hyvä
43%
ihmisellä
43%
kaik
43%
kuin
43%
kynttilöitä
43%
ois
43%
valaistaan
43%
lapsi
38%
leikkimään
38%
niin
38%
mielissään
33%
Ehtoja vastaavia visoja ei löytynyt
Tulosjakauma
Jokaisen tuloksen saaneiden osuus
Persentiili vastausten määrän mukaan
Tuloshistoriasi
Et ole pelannut tätä visaa